| 000 | 00452nam a2200181Ia 4500 | ||
|---|---|---|---|
| 005 | 20240618115815.0 | ||
| 008 | 131103s9999 xx 000 0 und d | ||
| 040 | _aLoreto College | ||
| 041 | _aEnglish | ||
| 082 |
_a613 _bSEL |
||
| 100 | _aSelmon, A. C. | ||
| 245 | 4 |
_aThe new health and longevity _cA. C. Selmon |
|
| 260 |
_aPoona _bOriental Watchman _c1971 |
||
| 300 |
_aviii,420p. _b ill. |
||
| 650 | _aHealth | ||
| 850 | _aLCBED | ||
| 942 | _cBK | ||
| 999 |
_c30292 _d80771 |
||